000 00623nam a2200265Ia 4500
005 20260306164443.0
008 008 260114s9999 xx 000 0 eng d
020 _a9780199366545
037 _aEBOOK
040 _aCRL
040 _beng
040 _cCRL
041 _2eng
041 _aeng
084 _qCRL
100 _aAllen
245 4 _aThe Oxford Handbook Of U.S. Health Law
260 _bOxford University Press
260 _c2016
650 _aLaw & Criminology
856 _uhttps://academic.oup.com/edited-volume/27990
942 _cEBOOK
999 _c1714134
_d1714134